[Event "XXXVII Olimpiadi femminile"]
[Site "Torino ITA"]
[Date "2006.05.23"]
[Round "3.2"]
[White "Kachiani-Gersinska, Ketino"]
[Black "Moncayo Romero, Evelyn"]
[Result "1-0"]
[WhiteElo "2421"]
[BlackElo "2261"]
[Annotator "ECU-GER"]
[PlyCount "65"]
[EventDate "2006.05.21"]

1. d4 Nf6 2. c4 c5 3. d5 e6 4. Nc3 exd5 5. cxd5 d6 6. g3 g6 7. Bg2 Bg7 8. Nf3
a6 9. a4 O-O 10. O-O Nbd7 11. Bf4 Qe7 12. h3 Rb8 13. Rb1 b5 14. axb5 axb5 15.
b4 Nh5 16. Bg5 Qe8 17. Qc1 f5 18. Bh6 Rb6 19. Bxg7 Nxg7 20. bxc5 Nxc5 21. Rb4
Bd7 22. Qh6 Qe7 23. Ng5 Nh5 24. Ne6 Rc8 25. g4 Ng7 26. Ng5 Ne8 27. gxf5 Bxf5
28. Rxb5 Rxb5 29. Nxb5 Ne4 30. Nxe4 Bxe4 31. Qe3 Nf6 32. f3 Rb8 33. Nd4 1-0

[Event "XXXVII Olimpiadi femminile"]
[Site "Torino ITA"]
[Date "2006.05.23"]
[Round "3.3"]
[White "Vasquez Ramirez, Rocio"]
[Black "Nill, Jessica"]
[Result "1-0"]
[WhiteElo "2252"]
[BlackElo "2339"]
[Annotator "ECU-GER"]
[PlyCount "139"]
[EventDate "2006.05.21"]

1. e4 c5 2. Nf3 e6 3. d4 cxd4 4. Nxd4 Nc6 5. Be3 a6 6. Be2 Nf6 7. Nd2 Qc7 8.
O-O d6 9. c4 Bd7 10. Rc1 Be7 11. a3 O-O 12. b4 b6 13. f3 Nxd4 14. Bxd4 Bc6 15.
Qb3 Nd7 16. Qc3 Bf6 17. Nb3 Rfd8 18. Bxf6 Nxf6 19. Nd4 Bb7 20. Rfd1 Rac8 21.
Qe3 h6 22. a4 Qb8 23. Nb3 Bc6 24. b5 axb5 25. cxb5 Be8 26. Nd4 Qa8 27. Qa3 Kh7
28. Rxc8 Qxc8 29. Rc1 Qa8 30. Nc6 Rc8 31. Bd3 g6 32. Qxd6 Qxa4 33. Qe7 Kg7 34.
Qb7 Ra8 35. Qxb6 Qa3 36. Qe3 Rc8 37. Kf2 Kh7 38. Be2 Qb2 39. Qc3 Qxc3 40. Rxc3
Nd7 41. Ra3 Nc5 42. Na7 Rb8 43. Rc3 Na4 44. Rc7 Nb6 45. Nc6 Ra8 46. Rb7 Nd7 47.
Ra7 Rc8 48. Ke3 Nc5 49. Nd4 e5 50. Nc6 Bxc6 51. bxc6 Rxc6 52. Rxf7+ Kh8 53. Re7
Ne6 54. Bb5 Rb6 55. Bc4 Nf4 56. g3 Nh3 57. Rxe5 Rb2 58. Re8+ Kg7 59. Re7+ Kh8
60. Bf7 g5 61. Bg6 Rxh2 62. Bf5 Ng1 63. f4 gxf4+ 64. gxf4 Re2+ 65. Kd4 Kg8 66.
Ke5 Kf8 67. Rh7 Kg8 68. Kf6 Rg2 69. Rxh6 Kf8 70. Be6 1-0

[Event "XXXVII Olimpiadi femminile"]
[Site "Torino ITA"]
[Date "2006.05.23"]
[Round "3.1"]
[White "Khurtsidze, Nino"]
[Black "Muzychuk, Anna"]
[Result "1/2-1/2"]
[WhiteElo "2426"]
[BlackElo "2418"]
[Annotator "GEO-SLO"]
[PlyCount "42"]
[EventDate "2006.05.21"]

1. d4 f5 2. Nc3 d5 3. Bf4 c6 4. e3 Nf6 5. Bd3 e6 6. Nf3 Be7 7. O-O Nbd7 8. Ne2
O-O 9. c4 Ne4 10. Ne5 Bf6 11. Nxd7 Bxd7 12. f3 Ng5 13. Qc2 Nf7 14. cxd5 cxd5
15. Rac1 Qe7 16. Qb3 Bc6 17. a4 a6 18. Rc2 Qd7 19. Qb4 Be7 20. Qd2 Rfc8 21. b3
Qd8 1/2-1/2

[Event "XXXVII Olimpiadi femminile"]
[Site "Torino ITA"]
[Date "2006.05.23"]
[Round "3.2"]
[White "Srebrnic, Ana"]
[Black "Javakhishvili, Lela"]
[Result "1/2-1/2"]
[WhiteElo "2302"]
[BlackElo "2410"]
[Annotator "GEO-SLO"]
[PlyCount "97"]
[EventDate "2006.05.21"]

1. Nf3 Nf6 2. c4 e6 3. Nc3 Bb4 4. Qc2 O-O 5. e4 d6 6. d4 e5 7. Bd3 Re8 8. O-O
Bg4 9. dxe5 dxe5 10. Nd5 Nc6 11. Be2 Bxf3 12. Bxf3 Nd4 13. Qd1 Nxd5 14. cxd5 c6
15. dxc6 Nxc6 16. Be3 Qe7 17. Rc1 Rad8 18. Qc2 Ba5 19. Be2 Bb6 20. Bxb6 axb6
21. Bc4 Nd4 22. Qd3 Kh8 23. a4 Rd6 24. Qa3 Red8 25. Kh1 Qd7 26. f3 h6 27. b3
Rc6 28. Bd5 Rd6 29. Qb4 f5 30. Rf2 Qe7 31. Rd2 Kh7 32. Rcd1 R8d7 33. h3 Qh4 34.
Rxd4 exd4 35. Qxd4 Qf4 36. Qc4 Qe5 37. Rc1 fxe4 38. fxe4 g6 39. Qc8 Rxd5 40.
exd5 Qxd5 41. Qc4 Qxc4 42. Rxc4 g5 43. Rb4 Rd6 44. Rb5 Kg6 45. b4 Re6 46. a5
bxa5 47. bxa5 Re1+ 48. Kh2 Ra1 49. Rxb7 1/2-1/2

[Event "XXXVII Olimpiadi femminile"]
[Site "Torino ITA"]
[Date "2006.05.23"]
[Round "3.3"]
[White "Lomineishvili, Maia"]
[Black "Krivec, Jana"]
[Result "1/2-1/2"]
[WhiteElo "2395"]
[BlackElo "2323"]
[Annotator "GEO-SLO"]
[PlyCount "87"]
[EventDate "2006.05.21"]

1. d4 d5 2. c4 dxc4 3. e3 Nf6 4. Bxc4 e6 5. Nf3 c5 6. O-O a6 7. dxc5 Qxd1 8.
Rxd1 Bxc5 9. Nbd2 b6 10. Be2 Nbd7 11. a3 Bb7 12. b4 Be7 13. Bb2 O-O 14. Nc4 Bd5
15. Rac1 b5 16. Na5 Rac8 17. Nd4 Nb8 18. f3 Nfd7 19. e4 Ba8 20. Ndb3 Bg5 21.
Rxc8 Be3+ 22. Kf1 Rxc8 23. Rd3 Bb6 24. Ke1 Kf8 25. Kd1 h5 26. Bd4 Bxd4 27. Rxd4
Ke7 28. Rd2 h4 29. Rc2 Rxc2 30. Kxc2 Kd6 31. Nd4 g6 32. Kd3 e5 33. Ndb3 f6 34.
Bd1 g5 35. Nd2 Nc6 36. Nxc6 Bxc6 37. Nf1 Nb6 38. Ne3 Bd7 39. Bb3 Be6 40. Bxe6
Kxe6 41. Kc3 Na4+ 42. Kb3 Nb6 43. Kc2 Kd6 44. Nf5+ 1/2-1/2

[Event "XXXVII Olimpiadi femminile"]
[Site "Torino ITA"]
[Date "2006.05.23"]
[Round "3.2"]
[White "Voiska, Margarita"]
[Black "Dengler, Dijana"]
[Result "1-0"]
[WhiteElo "2314"]
[BlackElo "2144"]
[Annotator "BIH-BUL"]
[PlyCount "91"]
[EventDate "2006.05.21"]

1. d4 d5 2. Nf3 e6 3. c4 Nf6 4. e3 a6 5. Nbd2 b6 6. Bd3 Bb7 7. O-O Bd6 8. Qc2
Nbd7 9. cxd5 exd5 10. e4 dxe4 11. Nxe4 O-O 12. Nxd6 cxd6 13. Bf4 Rc8 14. Qd1
Nb8 15. Re1 Nc6 16. Bf5 Ra8 17. Bg5 h6 18. Bh4 Nb4 19. Qb3 Nbd5 20. Bg3 Ne7 21.
Bh3 Ned5 22. Nd2 b5 23. Nc4 Ne8 24. Ne3 Nxe3 25. Qxe3 Bc8 26. Bxc8 Rxc8 27.
Rac1 Rxc1 28. Rxc1 Nf6 29. Qa3 Ne4 30. Qxa6 Qg5 31. Rc8 Rxc8 32. Qxc8+ Kh7 33.
Qc2 g6 34. h4 Qd5 35. Bf4 Qxd4 36. Be3 Qd5 37. h5 Nc5 38. hxg6+ fxg6 39. b4 Ne6
40. a4 bxa4 41. Qxa4 Ng7 42. b5 g5 43. Qc2+ Qf5 44. Qxf5+ Nxf5 45. b6 Ne7 46.
b7 1-0

[Event "XXXVII Olimpiadi femminile"]
[Site "Torino ITA"]
[Date "2006.05.23"]
[Round "3.3"]
[White "Dedijer, Sanja"]
[Black "Djingarova, Emilia"]
[Result "1/2-1/2"]
[WhiteElo "2068"]
[BlackElo "2319"]
[Annotator "BIH-BUL"]
[PlyCount "78"]
[EventDate "2006.05.21"]

1. d4 Nf6 2. c4 e6 3. g3 d5 4. Bg2 dxc4 5. Nf3 Bb4+ 6. Bd2 a5 7. O-O O-O 8. Qc2
Bxd2 9. Nbxd2 b5 10. a4 c6 11. Ne5 Ra6 12. e3 Qb6 13. b3 cxb3 14. Nxb3 Nd5 15.
Rfc1 b4 16. Qc5 Qd8 17. Bf1 Ra8 18. Nxc6 Nxc6 19. Qxc6 Bd7 20. Qd6 Nc3 21. Nc5
Ra7 22. Bd3 Qe8 23. Qb6 Qa8 24. Na6 Bc6 25. Qxa5 Bh1 26. d5 Bxd5 27. Qxb4 Bh1
28. e4 Nxe4 29. Bxe4 Bxe4 30. Nc7 Qb7 31. Qxb7 Rxb7 32. Nb5 Bd5 33. Nd6 Rb6 34.
Nc8 Ra6 35. Ne7+ Kh8 36. Nxd5 exd5 37. a5 g6 38. Rc5 Rd8 39. Kf1 Kg7 1/2-1/2

[Event "XXXVII Olimpiadi femminile"]
[Site "Torino ITA"]
[Date "2006.05.23"]
[Round "3.1"]
[White "Hernandez Guerrero, Yadira"]
[Black "Mkrtchian, Lilit"]
[Result "0-1"]
[WhiteElo "2225"]
[BlackElo "2453"]
[Annotator "MEX-ARM"]
[PlyCount "154"]
[EventDate "2006.05.21"]

1. d4 d5 2. c4 e6 3. Nf3 Nf6 4. Nc3 Be7 5. cxd5 exd5 6. Bg5 c6 7. e3 Bf5 8. Rc1
Nbd7 9. h3 Ne4 10. Bf4 Nxc3 11. bxc3 Ba3 12. Rc2 Bxc2 13. Qxc2 Qb6 14. Be2 Qb2
15. Qd3 Qc1+ 16. Bd1 Bb2 17. O-O Qxc3 18. Qf5 g6 19. Qg5 Qb4 20. Bc2 Qe7 21.
Qh6 Ba3 22. Rb1 O-O-O 23. Ne5 f6 24. Nxd7 Qxd7 25. Bh2 Qe7 26. Bd3 Qf8 27. Qh4
Bd6 28. Qg4+ f5 29. Qd1 Bxh2+ 30. Kxh2 Qa3 31. Qd2 Rhe8 32. Kg1 Re7 33. Rb3 Qd6
34. Qa5 Kb8 35. a4 Rc8 36. Qd2 c5 37. dxc5 Qxc5 38. Kh2 d4 39. exd4 Qxd4 40. a5
Rd8 41. g3 f4 42. Qxf4+ Qxf4 43. gxf4 Rd4 44. Kg3 Rf7 45. f3 Rdxf4 46. Be4 R4f6
47. h4 Ra6 48. Rb5 b6 49. axb6 Rxb6 50. Re5 Kc7 51. h5 gxh5 52. Rxh5 h6 53. Ra5
a6 54. Rc5+ Kd8 55. Bf5 Ra7 56. Rc8+ Ke7 57. Rh8 Rf6 58. Be4 Kd6 59. Rb8 a5 60.
Rb6+ Ke7 61. Rb8 a4 62. Bd5 a3 63. Ba2 Ra4 64. Rb5 Rd6 65. Re5+ Kf6 66. Re2 Rb6
67. Bd5 Ra5 68. Bc4 Rc5 69. Re4 Rxc4 70. Rxc4 Ra6 71. Rh4 Kg7 72. Rh1 a2 73.
Ra1 Kf6 74. Kf4 Ra4+ 75. Ke3 Kf5 76. Kd3 Kf4 77. Ke2 Ra3 0-1

[Event "XXXVII Olimpiadi femminile"]
[Site "Torino ITA"]
[Date "2006.05.23"]
[Round "3.2"]
[White "Danielian, Elina"]
[Black "Guerrero Rodriguez, Alejandra"]
[Result "1-0"]
[WhiteElo "2422"]
[BlackElo "2157"]
[Annotator "MEX-ARM"]
[PlyCount "59"]
[EventDate "2006.05.21"]

1. Nf3 g6 2. d4 Bg7 3. c4 c5 4. g3 cxd4 5. Nxd4 Qb6 6. Nb5 a6 7. N5c3 Nf6 8.
Bg2 O-O 9. O-O Nc6 10. Na4 Qd8 11. c5 d5 12. cxd6 exd6 13. Nbc3 Be6 14. Bf4 d5
15. Nc5 Qe7 16. Nxe6 Qxe6 17. Bxd5 Nxd5 18. Qxd5 Qg4 19. Rad1 Rad8 20. Qg5 Qe6
21. Be3 h6 22. Qc5 Ne5 23. Qc7 Rxd1 24. Rxd1 Nc4 25. Bd4 Nxb2 26. Bxg7 Rc8 27.
Rd8+ Rxd8 28. Qxd8+ Kxg7 29. Qd4+ Qf6 30. Qb4 1-0

[Event "XXXVII Olimpiadi femminile"]
[Site "Torino ITA"]
[Date "2006.05.23"]
[Round "3.2"]
[White "Stock, Lara"]
[Black "Harika, Dronavalli"]
[Result "1/2-1/2"]
[WhiteElo "2200"]
[BlackElo "2358"]
[Annotator "IND-CRO"]
[PlyCount "95"]
[EventDate "2006.05.21"]

1. e4 c5 2. Nf3 Nc6 3. d4 cxd4 4. Nxd4 g6 5. Nc3 Bg7 6. Be3 Nf6 7. Be2 O-O 8.
O-O d6 9. f4 Qb6 10. Qd3 Ng4 11. Nxc6 Qxe3+ 12. Qxe3 Nxe3 13. Nxe7+ Kh8 14. Rf3
Nxc2 15. Rc1 Nd4 16. Re3 Be6 17. Ned5 Rac8 18. Bd3 Bxd5 19. exd5 Nf5 20. Re4
Rc5 21. g4 Nh6 22. g5 Nf5 23. Kf2 Rfc8 24. Ke2 Kg8 25. Kd2 Kf8 26. Ra4 a6 27.
Rc2 Nd4 28. Rc1 Nf3+ 29. Ke2 Nd4+ 30. Kd2 Nf5 31. Rc2 Nd4 32. Rc1 Nf3+ 33. Ke2
Nh4 34. Kd2 h6 35. Be4 hxg5 36. fxg5 Be5 37. Rf1 Bxc3+ 38. bxc3 Rxc3 39. Bd3
Nf5 40. h4 R3c5 41. Bxf5 gxf5 42. Rxf5 Rc2+ 43. Kd1 Rc1+ 44. Ke2 R8c2+ 45. Kd3
Rc3+ 46. Kd2 R1c2+ 47. Kd1 Rc1+ 48. Kd2 1/2-1/2

[Event "XXXVII Olimpiadi femminile"]
[Site "Torino ITA"]
[Date "2006.05.23"]
[Round "3.1"]
[White "Nguyen, Thi Thanh An"]
[Black "Dembo, Yelena"]
[Result "0-1"]
[WhiteElo "2317"]
[BlackElo "2464"]
[Annotator "VIE-GRE"]
[PlyCount "138"]
[EventDate "2006.05.21"]

1. d4 Nf6 2. c4 g6 3. Nc3 Bg7 4. e4 d6 5. Be2 O-O 6. Bg5 c5 7. d5 h6 8. Bf4 a6
9. a4 e6 10. dxe6 Bxe6 11. Nf3 Nc6 12. Bxd6 Re8 13. O-O Qb6 14. a5 Nxa5 15. Na4
Qd8 16. Nxc5 Bxc4 17. Bxc4 Nxc4 18. e5 Nd7 19. Rc1 b5 20. Nxd7 Qxd7 21. b3 Nxe5
22. Nxe5 Bxe5 23. Bxe5 Qxd1 24. Rfxd1 Rxe5 25. Rc7 Rae8 26. Kf1 R5e7 27. Rc6
Ra7 28. Ra1 a5 29. Rb6 Re5 30. g3 a4 31. bxa4 bxa4 32. Ra3 Re4 33. h4 h5 34.
Kg2 Rc4 35. Rb2 Kg7 36. Rb6 Ra5 37. Rb7 Rf5 38. Ra2 Ra5 39. Ra3 Ra6 40. Rb2 f5
41. Kf3 Rac6 42. Kg2 Rc7 43. Rb6 Ra7 44. Kf3 Kh6 45. Rb5 Rac7 46. Kg2 Rd7 47.
Ra5 Rdd4 48. Ra6 f4 49. Rf3 Rb4 50. Ra7 fxg3 51. Rff7 Rxh4 52. Rh7+ Kg5 53.
fxg3 Rb2+ 54. Kf3 Rhb4 55. Ra5+ Rb5 56. Rxb5+ Rxb5 57. Ra7 Rb3+ 58. Kg2 Rb4 59.
Kf3 Rg4 60. Ra5+ Kf6 61. Rd5 Ke6 62. Rd3 Rg5 63. Ra3 Ra5 64. Ke4 Ra6 65. Kf4
Kd5 66. g4 hxg4 67. Kxg4 Kc4 68. Kg5 Kb4 69. Rf3 a3 0-1

[Event "XXXVII Olimpiadi femminile"]
[Site "Torino ITA"]
[Date "2006.05.23"]
[Round "3.2"]
[White "Makropoulou, Marina"]
[Black "Hoang, Thi Bao Tram"]
[Result "1/2-1/2"]
[WhiteElo "2305"]
[BlackElo "2349"]
[Annotator "VIE-GRE"]
[PlyCount "96"]
[EventDate "2006.05.21"]

1. e4 c6 2. d4 d5 3. Nc3 g6 4. h3 Bg7 5. Nf3 dxe4 6. Nxe4 Nd7 7. Bc4 Ngf6 8.
Qe2 O-O 9. O-O Nxe4 10. Qxe4 Nf6 11. Qh4 Bf5 12. c3 Be4 13. Ne5 Bd5 14. Bd3 Qb6
15. b3 Rad8 16. Be3 Qc7 17. Bf4 Qa5 18. Bd2 Be6 19. Rfd1 Qc7 20. Bf4 Qc8 21.
Rac1 Rfe8 22. Bh6 Qc7 23. f4 Nd7 24. Nf3 Nf8 25. Bxg7 Kxg7 26. f5 Bd5 27. Ne5
f6 28. Ng4 Qf4 29. Rc2 Qg5 30. Qxg5 fxg5 31. Rf2 gxf5 32. Rxf5 h6 33. Rf2 Bg8
34. Ne5 Rd6 35. Re1 Red8 36. Nc4 R6d7 37. Ne5 Rd6 38. Nc4 R6d7 39. Ne3 e6 40.
b4 a5 41. a3 axb4 42. axb4 Ra8 43. Nc4 Re7 44. Nd6 Rd7 45. Nc4 Re7 46. Nd6 Rd7
47. Nc4 Re7 48. Nd6 Rd7 1/2-1/2

[Event "XXXVII Olimpiadi femminile"]
[Site "Torino ITA"]
[Date "2006.05.23"]
[Round "3.3"]
[White "Le, Thanh Tu"]
[Black "Fakhiridou, Ekaterini"]
[Result "1/2-1/2"]
[WhiteElo "2239"]
[BlackElo "2292"]
[Annotator "VIE-GRE"]
[PlyCount "62"]
[EventDate "2006.05.21"]

1. d4 d5 2. c4 dxc4 3. Nf3 Nf6 4. e3 e6 5. Bxc4 c5 6. O-O a6 7. Bb3 Nc6 8. Nc3
Qc7 9. Qe2 Bd6 10. dxc5 Bxc5 11. e4 O-O 12. Bg5 Nd4 13. Nxd4 Bxd4 14. Bxf6 Bxf6
15. Rac1 Qa5 16. f4 Bxc3 17. Rxc3 Bd7 18. Qg4 Bb5 19. Rfc1 Rad8 20. Kh1 Rd4 21.
f5 exf5 22. Qxf5 Qb6 23. Rc7 Be8 24. e5 g6 25. Qc8 Re4 26. Rxb7 Qf2 27. h3 Re1+
28. Rxe1 Qxe1+ 29. Kh2 Qxe5+ 30. Kh1 Qe1+ 31. Kh2 Qe5+ 1/2-1/2

[Event "XXXVII Olimpiadi femminile"]
[Site "Torino ITA"]
[Date "2006.05.23"]
[Round "3.1"]
[White "Calzetta Ruiz, Monica"]
[Black "Atalik Polovnikova, Ekaterina"]
[Result "0-1"]
[WhiteElo "2317"]
[BlackElo "2393"]
[Annotator "ESP-TUR"]
[PlyCount "80"]
[EventDate "2006.05.21"]

1. e4 e5 2. Nf3 Nc6 3. Bb5 a6 4. Ba4 Nf6 5. d3 d6 6. O-O Be7 7. Re1 O-O 8. Bd2
b5 9. Bb3 Bg4 10. h3 Bxf3 11. Qxf3 Nd4 12. Qd1 a5 13. c3 Nxb3 14. axb3 Nd7 15.
Na3 c6 16. Be3 Qb8 17. Nc2 d5 18. Qg4 Nf6 19. Qf3 dxe4 20. dxe4 Qc8 21. b4 axb4
22. cxb4 Qe6 23. Bg5 Rfd8 24. Rac1 Ra2 25. Bxf6 Bxf6 26. Qc3 Ra6 27. Rcd1 g6
28. Ne3 Rd4 29. Ng4 Bg7 30. Ra1 Rxa1 31. Rxa1 h5 32. Nh2 Rxe4 33. Nf3 Bf6 34.
Ra8+ Kg7 35. Qc5 Be7 36. Qb6 Qd6 37. Qb7 Rc4 38. g3 Qd1+ 39. Kg2 Rc1 40. g4
Qh1+ 0-1

[Event "XXXVII Olimpiadi femminile"]
[Site "Torino ITA"]
[Date "2006.05.23"]
[Round "3.3"]
[White "Llaneza Vega, Patricia"]
[Black "Cinar Corlulu, Nilufer"]
[Result "1-0"]
[WhiteElo "2276"]
[BlackElo "2043"]
[Annotator "ESP-TUR"]
[PlyCount "123"]
[EventDate "2006.05.21"]

1. e4 c5 2. Nf3 Nc6 3. d4 cxd4 4. Nxd4 e5 5. Nb5 d6 6. Be3 Nf6 7. Bg5 Be6 8.
Nd2 a6 9. Bxf6 gxf6 10. Nc3 Rc8 11. Nc4 Nd4 12. Ne3 Bg7 13. Bd3 O-O 14. O-O Kh8
15. Ncd5 Rg8 16. c3 Nc6 17. Qf3 Nb8 18. Rad1 Nd7 19. Bb1 Bf8 20. Rd2 Rg6 21.
Rfd1 Rc6 22. Nf5 Nb6 23. Nb4 Rc8 24. Nxd6 Bxd6 25. Rxd6 Qg8 26. h3 Nc4 27. R6d5
a5 28. Nd3 Rh6 29. Rc5 Bxh3 30. Rxc8 Bxc8 31. Qe2 Rg6 32. Ne1 Nb6 33. Rd6 Nd7
34. Qd2 Qe8 35. Nf3 Rg4 36. a3 Rg8 37. Qd5 Qe7 38. Ba2 Rg4 39. Nh2 Rg7 40. Qd1
Rg8 41. b4 axb4 42. axb4 Nf8 43. Rd8 Bd7 44. Ra8 f5 45. exf5 Bxf5 46. Qd5 Ng6
47. Rxg8+ Kxg8 48. Nf3 Be6 49. Qd2 Bxa2 50. Qxa2 Nf4 51. Qd2 Kf8 52. g3 Ng6 53.
Qh6+ Kg8 54. Ng5 f6 55. Nf3 Qc7 56. Qd2 Qc4 57. Qd8+ Kf7 58. Qd7+ Ne7 59. Qxb7
Qxc3 60. Qe4 Ke6 61. b5 Qb3 62. Nd4+ 1-0

[Event "XXXVII Olimpiadi femminile"]
[Site "Torino ITA"]
[Date "2006.05.23"]
[Round "3.1"]
[White "Zsiltzova-Lisenko, Lubov"]
[Black "Tilenbaeva, Janyl"]
[Result "1-0"]
[WhiteElo "2263"]
[BlackElo "2051"]
[Annotator "IBCA-KGZ"]
[PlyCount "115"]
[EventDate "2006.05.21"]

1. e4 c6 2. d4 d5 3. exd5 cxd5 4. c4 Nf6 5. Nc3 e6 6. Nf3 Nc6 7. cxd5 Nxd5 8.
Bd3 Be7 9. O-O Bf6 10. Ne4 Bxd4 11. Nxd4 Nxd4 12. Re1 Nc6 13. a3 O-O 14. Qh5 g6
15. Qh6 f5 16. Ng5 Qe7 17. Bc4 Rd8 18. b4 b5 19. Bxb5 Nd4 20. Bc4 Nc2 21. Bb2
Nxa1 22. Bxa1 Rb8 23. h4 Rb7 24. h5 Qe8 25. Ba6 Re7 26. Bxc8 Rxc8 27. Nxe6 Qf7
28. Kh2 Nf6 29. hxg6 Ng4+ 30. Kg3 Qxg6 31. Qxg6+ hxg6 32. Rh1 Rh7 33. Rd1 Re8
34. Ng5 Rh5 35. Nf3 Nh6 36. Rd7 Nf7 37. Rxa7 Re4 38. Ra8+ Kh7 39. Nd2 Re2 40.
Bc3 g5 41. b5 Re6 42. Ra7 Kg6 43. Ra6 Rxa6 44. bxa6 Rh4 45. Bb4 Ne5 46. f4 Nd3
47. Bd6 Rh8 48. a7 gxf4+ 49. Kf3 Re8 50. Nc4 Kg5 51. Ne5 Nxe5+ 52. Bxe5 Rd8 53.
Bxf4+ Kf6 54. a4 Ra8 55. Bb8 Kg5 56. Kg3 Kg6 57. Kf4 Kf6 58. Ke3 1-0

[Event "XXXVII Olimpiadi femminile"]
[Site "Torino ITA"]
[Date "2006.05.23"]
[Round "3.2"]
[White "Samaganova, Alexandra"]
[Black "Maeckelbergh, Mieke"]
[Result "1-0"]
[WhiteElo "2087"]
[BlackElo "2026"]
[Annotator "IBCA-KGZ"]
[PlyCount "67"]
[EventDate "2006.05.21"]

1. c4 e5 2. e3 Nc6 3. a3 a5 4. Qc2 g6 5. Nf3 d6 6. Nc3 Bg7 7. Be2 Nf6 8. O-O
O-O 9. Rb1 b6 10. b4 axb4 11. axb4 Nh5 12. b5 Ne7 13. d4 exd4 14. Nxd4 Nf6 15.
Bf3 Ra7 16. Rd1 Bg4 17. Bxg4 Nxg4 18. Nd5 Ra8 19. e4 h6 20. h3 Nf6 21. Nxf6+
Bxf6 22. Bxh6 Re8 23. Be3 g5 24. Qd2 Ng6 25. Nc6 Qd7 26. f3 Qe6 27. Rbc1 Ra4
28. Qd5 Rea8 29. Bxg5 Bxg5 30. Qxg5 Rxc4 31. Ne7+ Kg7 32. Nf5+ Kf8 33. Qh6+ Ke8
34. Ng7+ 1-0

[Event "XXXVII Olimpiadi femminile"]
[Site "Torino ITA"]
[Date "2006.05.23"]
[Round "3.2"]
[White "Schuurman, Petra"]
[Black "Paridar, Shadi"]
[Result "1-0"]
[WhiteElo "2258"]
[BlackElo "2210"]
[Annotator "IRI-NED"]
[PlyCount "81"]
[EventDate "2006.05.21"]

1. d4 d5 2. c4 e6 3. Nf3 c5 4. cxd5 exd5 5. g3 Nc6 6. Bg2 Nf6 7. O-O Be7 8. Nc3
O-O 9. dxc5 Bxc5 10. a3 Bg4 11. b4 Be7 12. Bb2 a6 13. Rc1 Re8 14. Na4 Ne4 15.
Nd4 Bd7 16. Nxc6 Bxc6 17. Bd4 Bf6 18. Nb6 Rb8 19. a4 Qd6 20. Rb1 Bd8 21. a5 Bf6
22. Rb3 Rbd8 23. Re1 h5 24. Qa1 Bb5 25. Bxe4 Bxd4 26. Bh7+ Kxh7 27. Qxd4 Bxe2
28. Rxe2 Rxe2 29. Qd3+ Re4 30. f3 f5 31. fxe4 fxe4 32. Qd4 h4 33. gxh4 Qf4 34.
Rg3 Qf7 35. Qf2 Qh5 36. Qf4 Qd1+ 37. Kg2 Qe2+ 38. Kh3 Qh5 39. Rg5 Qh6 40. Qf5+
Kh8 41. Rh5 1-0

[Event "XXXVII Olimpiadi femminile"]
[Site "Torino ITA"]
[Date "2006.05.23"]
[Round "3.3"]
[White "Navabi, Shirin"]
[Black "Muhren, Bianca"]
[Result "1/2-1/2"]
[WhiteElo "2082"]
[BlackElo "2253"]
[Annotator "IRI-NED"]
[PlyCount "73"]
[EventDate "2006.05.21"]

1. c4 e5 2. Nc3 Nf6 3. Nf3 Nc6 4. g3 d5 5. cxd5 Nxd5 6. Bg2 Nb6 7. a3 a5 8. d3
Be7 9. O-O O-O 10. Be3 Be6 11. Na4 Nd5 12. Bc5 Kh8 13. Rc1 f6 14. Bxe7 Ncxe7
15. e4 Nb6 16. Nxb6 cxb6 17. d4 Bg4 18. dxe5 Qxd1 19. Rfxd1 fxe5 20. Rd3 Nc6
21. h3 Bxf3 22. Bxf3 Rad8 23. Rcd1 g5 24. Rxd8 Rxd8 25. Rd5 Kg7 26. Bg4 Rxd5
27. exd5 Nd8 28. Bc8 Kf6 29. Kg2 e4 30. f4 exf3+ 31. Kxf3 h5 32. Ke4 Nf7 33.
Kd4 Nd6 34. Bd7 Ke7 35. Be6 Kf6 36. Bd7 Ke7 37. Be6 1/2-1/2

[Event "XXXVII Olimpiadi femminile"]
[Site "Torino ITA"]
[Date "2006.05.23"]
[Round "3.1"]
[White "Jackova, Jana"]
[Black "Geldyeva, Mekhri"]
[Result "0-1"]
[WhiteElo "2389"]
[BlackElo "2274"]
[Annotator "CZE-TKM"]
[PlyCount "132"]
[EventDate "2006.05.21"]

1. e4 c5 2. Nf3 e6 3. b3 d6 4. d4 cxd4 5. Nxd4 Nf6 6. Bd3 a6 7. c4 Qa5+ 8. Bd2
Qe5 9. Nf3 Qh5 10. Nc3 Nbd7 11. b4 b6 12. Be2 Bb7 13. h3 h6 14. Nh4 Qxh4 15. g3
Nxe4 16. gxh4 Nxc3 17. Bxc3 Bxh1 18. Bf3 Bxf3 19. Qxf3 Rc8 20. Rc1 e5 21. Bd2
Be7 22. Qg4 Bf6 23. h5 Ke7 24. Be3 Rc7 25. Kd1 Rhc8 26. h4 b5 27. cxb5 Rxc1+
28. Bxc1 axb5 29. a3 Rc4 30. Qg2 d5 31. Be3 Kd6 32. Qg3 Rxh4 33. f4 Rxh5 34.
fxe5+ Bxe5 35. Qf3 Rh4 36. Qxf7 d4 37. Bf2 Rf4 38. Qg6+ Rf6 39. Qg1 Rf4 40. Bg3
Rg4 41. Bxe5+ Nxe5 42. Qf1 d3 43. Kd2 Kd5 44. Qf8 Rg2+ 45. Kc3 Rc2+ 46. Kb3 Rc7
47. Qf2 Rd7 48. a4 bxa4+ 49. Kxa4 Ke6 50. Qd2 Nc4 51. Qe1+ Kd5 52. Kb3 Ne5 53.
b5 Ke6 54. Qd2 g5 55. Kb4 Rd4+ 56. Kc3 Rd6 57. Kb4 Kd7 58. Kc5 g4 59. b6 Rxb6
60. Qa5 Rd6 61. Qa7+ Ke6 62. Qg7 Rd5+ 63. Kb4 d2 64. Qg8+ Kd6 65. Qf8+ Kc7 66.
Qg7+ Nd7 0-1

[Event "XXXVII Olimpiadi femminile"]
[Site "Torino ITA"]
[Date "2006.05.23"]
[Round "3.3"]
[White "Blazkova, Petra"]
[Black "Ovezova, Maisa"]
[Result "1-0"]
[WhiteElo "2242"]
[BlackElo "2137"]
[Annotator "CZE-TKM"]
[PlyCount "43"]
[EventDate "2006.05.21"]

1. e4 c6 2. d4 d5 3. e5 Bf5 4. Nc3 Nd7 5. g4 Bg6 6. Nge2 e6 7. h4 h6 8. Nf4 Bh7
9. Bd3 Bxd3 10. Qxd3 Be7 11. Nxe6 fxe6 12. Qg6+ Kf8 13. Qxe6 Nb6 14. Qf5+ Ke8
15. Ne2 Bf8 16. Nf4 Ne7 17. Qh5+ Kd7 18. g5 Kc8 19. Ne6 Qd7 20. Qf7 a5 21. Nxf8
Qf5 22. Qe8+ 1-0

[Event "XXXVII Olimpiadi femminile"]
[Site "Torino ITA"]
[Date "2006.05.23"]
[Round "3.1"]
[White "Sukandar, Irine Kharisma"]
[Black "Lujan, Carolina Maria"]
[Result "1-0"]
[WhiteElo "2213"]
[BlackElo "2378"]
[Annotator "INA-ARG"]
[PlyCount "123"]
[EventDate "2006.05.21"]

1. e4 c5 2. Nf3 e6 3. d4 cxd4 4. Nxd4 a6 5. Nc3 Qc7 6. Be2 Nf6 7. O-O Nc6 8.
Nb3 b5 9. a3 Be7 10. f4 d6 11. Bf3 Bb7 12. Be3 O-O 13. Qe1 Rfe8 14. Qg3 b4 15.
axb4 Nxb4 16. Nd4 Bf8 17. e5 dxe5 18. fxe5 Nfd5 19. Bh5 g6 20. Ne4 Bg7 21. Nd6
Rf8 22. Bg4 Nxe3 23. Qxe3 Nd5 24. Qg3 Qb6 25. c3 Nc7 26. Kh1 Rad8 27. Nc4 Qa7
28. Bf3 Bxf3 29. Qxf3 Qc5 30. b3 Nb5 31. Nc6 Rc8 32. Rxa6 Nxc3 33. Nd6 Rxc6 34.
Rxc6 Qxe5 35. Nxf7 Qa5 36. Qe3 Qd5 37. Nh6+ Bxh6 38. Rxf8+ Bxf8 39. Rxc3 Be7
40. Qf3 Qg5 41. Rc8+ Kg7 42. Rc7 Kg8 43. Qa8+ Kf7 44. Qf3+ Kg8 45. h3 Qh4 46.
Qe2 Qf6 47. Rc6 Qa1+ 48. Kh2 e5 49. Qc4+ Kf8 50. Qe6 Qa3 51. Rc8+ Kg7 52. Qxe5+
Kh6 53. Qf4+ Kg7 54. Qd4+ Kh6 55. Qe3+ Bg5 56. Qd3 Qb2 57. Qc2 Qe5+ 58. g3 Be3
59. Rc4 Bb6 60. Re4 Qf6 61. Qd2+ g5 62. h4 1-0

[Event "XXXVII Olimpiadi femminile"]
[Site "Torino ITA"]
[Date "2006.05.23"]
[Round "3.1"]
[White "Ortiz, Nadya Karolina"]
[Black "Repkova, Eva"]
[Result "1/2-1/2"]
[WhiteElo "2184"]
[BlackElo "2346"]
[Annotator "COL-SVK"]
[PlyCount "116"]
[EventDate "2006.05.21"]

1. e4 d5 2. exd5 Qxd5 3. Nc3 Qa5 4. Bc4 c6 5. Qe2 Nf6 6. h3 Nbd7 7. d3 e5 8.
Bd2 Bb4 9. Nf3 O-O 10. a3 b5 11. Ba2 Bd6 12. Ne4 Qc7 13. Nxd6 Qxd6 14. O-O Bb7
15. b4 Rae8 16. Ng5 c5 17. f3 Rc8 18. c3 Nb6 19. Be3 Na4 20. bxc5 Qd7 21. Rac1
Nd5 22. d4 Kh8 23. dxe5 Nxc5 24. Rfd1 Ne6 25. Bxd5 Bxd5 26. Qd3 Nxg5 27. Qxd5
Qf5 28. Bxg5 Qxg5 29. Qxb5 Qe3+ 30. Kh1 Rxc3 31. Rxc3 Qxc3 32. Qb4 Qc8 33. f4
h6 34. Qe7 a6 35. f5 Kg8 36. e6 fxe6 37. f6 gxf6 38. Rd3 Qb8 39. Rd7 Qb1+ 40.
Kh2 Qg6 41. Qxe6+ Kh8 42. Qxa6 Rg8 43. Qe2 Qg3+ 44. Kh1 Qxa3 45. Qe4 Qa1+ 46.
Kh2 Qe5+ 47. Qxe5 fxe5 48. Re7 Rg5 49. g4 h5 50. Kg3 hxg4 51. hxg4 Rg6 52. Kh4
Ra6 53. g5 e4 54. Kh5 Kg8 55. g6 Ra1 56. Rxe4 Rh1+ 57. Kg5 Rg1+ 58. Kh5 Rh1+
1/2-1/2